000 00452nam a2200193Ia 4500
005 20250425160910.0
008 250425s9999 xx 000 0 und d
020 _a0131531638
041 _aeng
082 _a621.380422
100 _aMARTIN, JAMES
245 0 _aCOMMUNICATIONS SATELLITE SYSTEMS
250 _aS.E.
260 _aENGLEWOOD
260 _aEstados Unidos
_bPRENTICE HALL
_c1978
300 _a398
942 _c01
010 _a7872
999 _c198419
_d198419